<?xml version="1.0" encoding="UTF-8"?>
<marc:record xmlns:marc="http://www.loc.gov/MARC21/slim">
   <marc:leader>00000nam a2200000 a 4500</marc:leader>
   <marc:datafield ind1="1" ind2=" " tag="100">
      <marc:subfield code="a">Riechelmann, Cord</marc:subfield>
      <marc:subfield code="4">aut</marc:subfield>
      <marc:subfield code="e">Verfasser/-in</marc:subfield>
   </marc:datafield>
   <marc:datafield ind1=" " ind2=" " tag="653">
      <marc:subfield code="a">Krähen</marc:subfield>
   </marc:datafield>
   <marc:datafield ind1=" " ind2=" " tag="653">
      <marc:subfield code="a">Corvidae</marc:subfield>
   </marc:datafield>
   <marc:datafield ind1=" " ind2=" " tag="653">
      <marc:subfield code="a">Singvögel</marc:subfield>
   </marc:datafield>
   <marc:datafield ind1=" " ind2=" " tag="653">
      <marc:subfield code="a">Mythen</marc:subfield>
   </marc:datafield>
   <marc:datafield ind1=" " ind2=" " tag="653">
      <marc:subfield code="a">Softcover / Ratgeber/Natur</marc:subfield>
   </marc:datafield>
   <marc:datafield ind1="0" ind2="0" tag="245">
      <marc:subfield code="a">Krähen</marc:subfield>
   </marc:datafield>
   <marc:datafield ind1="0" ind2="0" tag="245">
      <marc:subfield code="b">ein Portrait</marc:subfield>
   </marc:datafield>
   <marc:datafield ind1="0" ind2="0" tag="245">
      <marc:subfield code="c">von Cord Riechelmann</marc:subfield>
   </marc:datafield>
   <marc:datafield ind1=" " ind2="1" tag="264">
      <marc:subfield code="a">Berlin</marc:subfield>
      <marc:subfield code="b">Matthes &amp; Seitz</marc:subfield>
      <marc:subfield code="c">2013</marc:subfield>
   </marc:datafield>
   <marc:datafield ind1="1" ind2=" " tag="490">
      <marc:subfield code="a">Naturkunden</marc:subfield>
      <marc:subfield code="v">No. 1</marc:subfield>
   </marc:datafield>
   <marc:datafield ind1=" " ind2=" " tag="250">
      <marc:subfield code="a">1. Aufl.</marc:subfield>
   </marc:datafield>
   <marc:datafield ind1="1" ind2=" " tag="520">
      <marc:subfield code="a">Angaben aus der Verlagsmeldung

Krähen : Ein Portrait / von Cord Riechelmann

Die Familie der Krähen, wissenschaftlich Corvidae, ist eine in der Entwicklungsgeschichte der Singvögel relativ junge Familie. Sie umfasst 123 Arten, zu denen auch Elstern und Häher zählen; ihre engsten Verwandten
sind die Paradiesvögel. Anders als diese kommen die meist schwarz gefärbten Krähen beinahe überall auf der Erde vor. Die Mythen, die sie von jeher begleiten, sind ebenso dunkel wie sie und handeln fast immer von
Übel und Tod. Selbst die zunehmende Erforschung ihrer herausragenden Intelligenz konnte sie nicht von ihrem schlechten Ruf befreien. Im Gegenteil: Dass Krähen über ein Gedächtnisvermögen verfügen, das sogar jede menschliche Kapazität übersteigt, scheint nur ein weiterer Ausweis ihrer Unheimlichkeit zu sein. Cord Riechelmann, »der einzige wirkliche Tierjournalist, den wir haben« (Jakob Augstein), erzählt die erstaunliche Natur- und Kulturgeschichte dieser klugen Vögel und stellt zwanzig Krähenarten vor, die er selbst auf fünf Kontinenten beobachten konnte. Sein Tierportrait vermittelt nichts weniger als den unvoreingenommenen Blick auf das scheinbar Vertraute.
</marc:subfield>
   </marc:datafield>
   <marc:datafield ind1=" " ind2=" " tag="020">
      <marc:subfield code="a">9783882210484</marc:subfield>
      <marc:subfield code="9">9783882210484</marc:subfield>
   </marc:datafield>
   <marc:datafield ind1=" " ind2=" " tag="041">
      <marc:subfield code="a">ger</marc:subfield>
   </marc:datafield>
   <marc:datafield ind1=" " ind2=" " tag="300">
      <marc:subfield code="a">155 S.</marc:subfield>
   </marc:datafield>
</marc:record>
